| 000 | 00676nam a2200181 a 4500 | ||
|---|---|---|---|
| 001 | 000035496 | ||
| 005 | 20200930074403.0 | ||
| 008 | 111102s1963 sp b 000 0 spa d | ||
| 040 |
_aDO-SdBNP _bspa _cBNPHU |
||
| 082 |
_axxxx _bB877 |
||
| 100 | 1 |
_aBrown, Lyndon O. _961370 |
|
| 240 | 1 | 0 |
_aAdvertising media _lespañol |
| 245 | 1 | 4 |
_aLos miedos publicitarios : _bSu estudio metódico para elegirlos y coordinarlos en la estrategia de las campañas de publicidad / _cLyndon O. Brown, Richard S. Lessler, William M. Weilbacher. |
| 260 |
_aBarcelona, España : _bHispano Europeo, _c1963. |
||
| 300 |
_avii, 484 p. : _bmapa ; _c21 cm. |
||
| 490 | 1 | _aGalileo | |
| 830 | 0 |
_aGalileo _961371 |
|
| 999 |
_c34987 _d34987 |
||